ბათუმის შოთა რუსთაველის სახელმწიფო უნივერსიტეტის ბიბლიოთეკა

Организация строительсва. (ბიბ.ჩანაწერი № 40749)

000 -LEADER
fixed length control field 00660nam a2200217Ia 4500
001 - CONTROL NUMBER
control field 7388
003 - CONTROL NUMBER IDENTIFIER
control field GE_BSU
008 - FIXED-LENGTH DATA ELEMENTS--GENERAL INFORMATION
fixed length control field 181216s||||||||xx |||||||||||||| ||und||
040 ## - CATALOGING SOURCE
Transcribing agency GE_BSU
080 ## - UNIVERSAL DECIMAL CLASSIFICATION NUMBER
Universal Decimal Classification number 69.003(075.32)
100 ## - MAIN ENTRY--PERSONAL NAME
Personal name Диков,Н.Д. Бочаров,В.И. Кондрашов,А.В.
245 ## - TITLE STATEMENT
Title Организация строительсва.
245 ## - TITLE STATEMENT
Remainder of title Учебник.
245 ## - TITLE STATEMENT
Statement of responsibility, etc. Науч. ред. А.В.Кудинов.
260 ## - PUBLICATION, DISTRIBUTION, ETC.
Place of publication, distribution, etc. М.
260 ## - PUBLICATION, DISTRIBUTION, ETC.
Name of publisher, distributor, etc. Стройиздат.
260 ## - PUBLICATION, DISTRIBUTION, ETC.
Date of publication, distribution, etc. 1970.
300 ## - PHYSICAL DESCRIPTION
Extent 252стр.22см.библиогр.:стр.248.
653 ## - INDEX TERM--UNCONTROLLED
Uncontrolled term Организация строительсва.
942 ## - ADDED ENTRY ELEMENTS (KOHA)
Koha item type წიგნი
ეგზემპლარები
Withdrawn status Lost status Damaged status Not for loan Date acquired Barcode Date last seen Price effective from Koha item type
        2018-12-17 10119 2018-12-17 2018-12-17 წიგნი
        2018-12-17 10120 2018-12-17 2018-12-17 წიგნი